Jaká je role finančního arbitra... odpovídá Monika Nedelková
Hlavné poslanie Kancelárie finančného arbitra v Českej republike a dôvody zavedenia tohto inštitútu. Inštitút finančného arbitra v ČR a základné motívy jeho riadenia a harmonizácie právneho poriadku s právom Európskej únie.
Guardado en:
| Autor principal: | |
|---|---|
| Otros Autores: | |
| Formato: | Capítulo de libro |
| Lenguaje: | checo |
| Materias: | |
| Etiquetas: |
Sin Etiquetas, Sea el primero en etiquetar este registro!
|
MARC
| LEADER | 00000naa a2200000 4500 | ||
|---|---|---|---|
| 001 | 0193488 | ||
| 005 | 20220729111514.5 | ||
| 041 | 0 | |a cze | |
| 044 | |a CZ | ||
| 245 | 1 | 0 | |a Jaká je role finančního arbitra... odpovídá Monika Nedelková |c Jan Cigánik, Nedelková Monika |
| 520 | |a Hlavné poslanie Kancelárie finančného arbitra v Českej republike a dôvody zavedenia tohto inštitútu. Inštitút finančného arbitra v ČR a základné motívy jeho riadenia a harmonizácie právneho poriadku s právom Európskej únie. | ||
| 610 | 2 | 0 | |a Česko |
| 610 | 2 | 0 | |a poisťovníctvo |
| 610 | 2 | 0 | |a trh poistný |
| 610 | 2 | 0 | |a trh finančný |
| 610 | 2 | 0 | |a právo poistné |
| 610 | 2 | 0 | |a poistenie životné |
| 610 | 2 | 0 | |a spory súdne |
| 610 | 2 | 0 | |a arbitráž |
| 100 | 1 | |a Cigánik, Jan | |
| 700 | 1 | |a Monika, Nedelková | |